000 00476 a2200121 4500
001 ART_3307
005 20260410161713.0
008 260409a
245 1 0 _aSobre la evolución del contenido de importaciones intermedias en la demanda final y las exportaciones argentinas: un ejercicio de insumo-producto
100 1 _aKosacoff, Bernardo
700 1 _aSourrouille, Juan V.
773 0 _tDesarrollo económico
_g- Vol. 18, Nº 72 (ene./mar. 1979)
_wREV1174
999 _c16309
_d16309